Salas de etnografía del Museo Nacional de Antropología e Historia. (Record no. 8860)
[ view plain ]
| 000 -CABECERA | |
|---|---|
| campo de control de longitud fija | 00727nam a2200229 a 4500 |
| 001 - NÚMERO DE CONTROL | |
| campo de control | BRL_47 |
| 005 - FECHA Y HORA DE LA ÚLTIMA TRANSACCIÓN | |
| campo de control | 20190320210550.0 |
| 008 - DATOS DE LONGITUD FIJA--INFORMACIÓN GENERAL | |
| campo de control de longitud fija | 011012s1984----mx-a######---#000-0#spa-# |
| 041 ## - CÓDIGO DE LENGUA | |
| Código de lengua del texto/banda sonora o título independiente | spa |
| 044 ## - CÓDIGO DEL PAÍS DE LA ENTIDAD EDITORA/PRODUCTORA | |
| Código MARC del país | mx |
| 050 #4 - SIGNATURA TOPOGRÁFICA DE LA BIBLIOTECA DEL CONGRESO | |
| Número de clasificación | F1203.5 |
| Número de documento/Ítem | .S25 1984 |
| 245 10 - MENCIÓN DE TÍTULO | |
| Título | Salas de etnografía del Museo Nacional de Antropología e Historia. |
| 260 ## - PUBLICACIÓN, DISTRIBUCIÓN, ETC. | |
| Lugar de publicación, distribución, etc. | México |
| Nombre del editor, distribuidor, etc. | INAH, Departamento de Etnografía |
| Fecha de publicación, distribución, etc. | 1984 |
| 300 ## - DESCRIPCIÓN FÍSICA | |
| Extensión | 154 p. |
| Otras características físicas | il. |
| Dimensiones | 21 cm. |
| 500 ## - NOTA GENERAL | |
| Nota general | Au48 |
| 504 ## - NOTA DE BIBLIOGRAFÍA, ETC. | |
| Nota de bibliografía, etc. | Incluye referencias bibliográficas |
| 610 24 - PUNTO DE ACCESO ADICIONAL DE MATERIA--NOMBRE DE ENTIDAD CORPORATIVA | |
| Nombre de entidad corporativa o nombre de jurisdicción como elemento de entrada | Museo Nacional de Antropología e Historia (Ciudad de México) |
| Subdivisión de forma | Guías |
| 9 (RLIN) | 22752 |
| 650 14 - PUNTO DE ACCESO ADICIONAL DE MATERIA--TÉRMINO DE MATERIA | |
| Término de materia o nombre geográfico como elemento de entrada | Etnografía |
| 9 (RLIN) | 22753 |
| 650 14 - PUNTO DE ACCESO ADICIONAL DE MATERIA--TÉRMINO DE MATERIA | |
| Término de materia o nombre geográfico como elemento de entrada | Indígenas de México |
| Subdivisión de forma | Guías |
| Subdivisión general | Antigüedades |
| 9 (RLIN) | 22754 |
| 902 ## - CATALOGADOR | |
| Iniciales | GRL |
| 942 ## - ELEMENTOS DE PUNTO DE ACCESO ADICIONAL (KOHA) | |
| Fuente del sistema de clasificación o colocación | Library of Congress Classification |
| Tipo de ítem Koha | Libros |
| Estado de retiro | Estado de pérdida | Estado dañado | No para préstamo | Localización permanente | Ubicación/localización actual | Fecha de adquisición | Número de inventario | Total de préstamos | Signatura topográfica completa | Código de barras | Fecha visto por última vez | Precio válido a partir de | Tipo de ítem Koha |
|---|---|---|---|---|---|---|---|---|---|---|---|---|---|
| El ejemplar forma parte de la colección y puede ser consultado según las políticas vigentes. | Biblioteca Centro de Estudios Ruth D. Lechuga | Biblioteca Centro de Estudios Ruth D. Lechuga | 01/10/2012 | Au48 | F1203.5 .S25 1984 (Au48) | GRL00047 | 22/03/2019 | 22/03/2019 | Libros |